000 00743nam a22002417a 4500
003 UA-OsUOA
001 35074
007 ta
008 20051107b un ||||| |||| 00| 0 ukr d
090 _a82.09(477)(035)
_bУ45
942 _cBK
040 _aUA-OsUOA
_bukr
_cUA-OsUOA
_dUA-OsUOA
245 _aУкраїнська література у портретах і довідках
300 _a353 с.
955 _a2
041 _aukr
080 _a82.09(477)(035)
020 _a966-06-0147-6
260 _aК.
_bЛибідь
_c2000
246 3 1 _aУ портретах і довідках. давня література 19 ст.
_n
650 7 _a82 Література. Літературознавство
_2UDC
999 _c321465
_d321465